| 000 | 00547nam a2200193Ia 4500 | ||
|---|---|---|---|
| 003 | LDD | ||
| 008 | 181029s9999 xx 000 0 und d | ||
| 020 |
_a9788173197222 _c220.00 |
||
| 040 | _cLDD | ||
| 100 | _aKhan, R.A. | ||
| 245 | 0 |
_aSoftware quality concept and practices _cR.A. Khan |
|
| 260 |
_aNew Delhi _bNarosa _c2006 |
||
| 300 | _axvii, 198p | ||
| 365 | _b220.00 | ||
| 901 |
_a11601 _b19-11-2014 |
||
| 902 |
_aDBC/552/D/14 _b22-11-2014 _cF _dDBC _e4 |
||
| 903 |
_aDiscount-15 _bReqst by : P.V. Suresh |
||
| 942 |
_2ddc _cBK |
||
| 999 |
_c111223 _d111223 |
||